000
00229nam a2200097Ia 4500
008
240331s9999 xx 000 0 und d
082
_b
NAV
100
_a
Tamilvanan. ed
245
0
_a
Naveenathamilum pin naveenaththuvamum
942
_c
L
999
_c
2027
_d
2027